Fashion Embroidery: Embroidery Techniques & Inspiration for Haute-Couture Clothing (Record no. 362368)
[ view plain ]
| 000 -LEADER | |
|---|---|
| fixed length control field | 00711nam a22001937a 4500 |
| 005 - DATE AND TIME OF LATEST TRANSACTION | |
| control field | 20241227143649.0 |
| 008 - FIXED-LENGTH DATA ELEMENTS--GENERAL INFORMATION | |
| fixed length control field | 241226b |||||||| |||| 00| 0 eng d |
| 020 ## - INTERNATIONAL STANDARD BOOK NUMBER | |
| International Standard Book Number | 9781849944748 |
| 041 ## - LANGUAGE CODE | |
| Language code of text/sound track or separate title | Eng |
| 082 ## - DEWEY DECIMAL CLASSIFICATION NUMBER | |
| Classification number | 746.44 |
| Item number | PIL |
| 100 ## - MAIN ENTRY--PERSONAL NAME | |
| Author | Pile Jessica Jane |
| 245 ## - TITLE STATEMENT | |
| Title | Fashion Embroidery: Embroidery Techniques & Inspiration for Haute-Couture Clothing |
| 260 ## - PUBLICATION, DISTRIBUTION, ETC. | |
| Place of publication, distribution, etc. | United Kingdom |
| Name of publisher, distributor, etc. | Batsford |
| Date of publication, distribution, etc. | 2018 |
| 300 ## - PHYSICAL DESCRIPTION | |
| Extent | 144 |
| 365 ## - TRADE PRICE | |
| Price amount | 2077.50 |
| Currency code | Rs.00 |
| 520 ## - SUMMARY, ETC. | |
| Summary, etc. | 1. Introduction<br/>2. Embroidery in fashion<br/>3. Do it yourself<br/>4. Basic embroidery stitches<br/>5. Silk shading<br/>6. Goldwork<br/>7. Tambour beading<br/>8. Using other materials<br/>9. Moving on<br/><br/> |
| 650 ## - SUBJECT ADDED ENTRY--TOPICAL TERM | |
| Topical term or geographic name entry element | Embroidery |
| 942 ## - ADDED ENTRY ELEMENTS (KOHA) | |
| Koha item type | Books |
| Withdrawn status | Lost status | Source of classification or shelving scheme | Damaged status | Not for loan | Home library | Current library | Date acquired | Vendor | Net Price | Bill number | Total Checkouts | Full call number | Barcode | Date last seen | Discount | Actual Price | Bill Date | Koha item type |
|---|---|---|---|---|---|---|---|---|---|---|---|---|---|---|---|---|---|---|
| Dewey Decimal Classification | School of Fashion Technology | School of Fashion Technology | 06/12/2024 | Design Book Studio | 2077.50 | 321/24-25 | 746.44 PIL | SOFT-BK-4261 | 26/12/2024 | 25% | 2770.00 | 02/12/2024 | Books |